000 01126cam a2200301 a 4500
001 3753164
003 Ke-BoTe
005 20220523121241.0
008 840217s1983 maua b 001 0 eng
010 _a 82083180
020 _a0316769584 (pbk.) :
_c$15.95 (est. : $19.95 Can. : est.)
040 _aDLC
_cDLC
_dDLC
050 0 0 _aRD96.4
_b.M365 1983
082 0 0 _a617/.1106
_219
245 0 0 _aManual of burn therapeutics :
_ban interdisciplinary approach /
_cedited by Roger E. Salisbury, Nancy Marville Newman, G. Peter Dingeldein, Jr.
250 _a1st ed.
260 _aBoston :
_bLittle, Brown ;
_cc1983.
300 _axii, 311 p. :
_bill. ;
_c22 cm.
490 0 _aA Little, Brown spiral manual
504 _aIncludes bibliographies and index.
650 0 _aBurns and scalds
_xHandbooks, manuals, etc.
_96217
650 0 _aBurns and scalds
_xPatients
_xRehabilitation
_xHandbooks, manuals, etc.
_96218
700 1 _aSalisbury, Roger E.,
_d1940-
_96219
700 1 _aNewman, Nancy Marville.
_96220
700 1 _aDingeldein, G. Peter.
_96221
906 _a7
_bcbc
_corignew
_d2
_eopcn
_f19
_gy-gencatlg
942 _2lcc
_cCF
_n0
999 _c3021
_d3021